Harry Potter Quiz - Statistics

General Stats
  • This quiz has been taken 113 times
  • The average score is 10 of 15
Answer Stats
Hint Answer % Correct
Who killed Bellatrix Lestrange? Molly Weasley
89%
Who killed Dumbledore, Albus? Severus Snape
87%
Who was the founder of Gryffindor? Godric Gryffindor
83%
Who was the founder of Hufflepuff? Helga Hufflepuff
82%
Who was the founder of Ravenclaw? Rowena Ravenclaw
80%
Who was the founder of Slytherin? Salazar Slytherin
80%
What was the living horcrux who was not a human? Nagini
77%
Who was the DADA teacher in the Prisoner Of Azkaban? Remus Lupin
75%
Who was Voldemort's most trusted death eater? Bellatrix Lestrange
74%
Did Hermione get tortured? Yes
70%
Who tried to take then philosopher's stone? Quirinus Quirrell
63%
Which year was Harry born? 1980
62%
How long was Sirius Black in Azkaban? 13 years
40%
Who was Voldemort's daughter? Delphi Diggory
29%
What happened to the second DADA teacher? Memory loss
9%
No matching quizzes found
Score Distribution
Percent of People with Each Score
Percentile by Number Answered
Your Score History
You have not taken this quiz